000 01837nam a2200409Ia 4500
001 ebr10150445
003 CaPaEBR
006 m u
007 cr cn|||||||||
008 050525s2006 nyua sb 001 0deng d
010 _z 2005049863
020 _z1403982953
020 _z1403960356
020 _z1403960364 (pbk.)
040 _aCaPaEBR
_cCaPaEBR
035 _a(OCoLC)567962833
050 1 4 _aE185.93.M6
_bR64 2006eb
100 1 _aRogers, Kim Lacy.
245 1 0 _aLife and death in the Delta
_h[electronic resource] :
_bAfrican American narratives of violence, resilience, and social change /
_cKim Lacy Rogers.
260 _aNew York :
_bPalgrave Macmillan,
_c2006.
300 _ax, 214 p. :
_bill.
504 _aIncludes bibliographical references (p. [199]-208) and index.
533 _aElectronic reproduction.
_bPalo Alto, Calif. :
_cebrary,
_d2009.
_nAvailable via World Wide Web.
_nAccess may be limited to ebrary affiliated libraries.
650 0 _aAfrican Americans
_zMississippi
_zDelta (Region)
_xSocial conditions.
650 0 _aAfrican Americans
_zMississippi
_zDelta (Region)
_xEconomic conditions.
650 0 _aAfrican Americans
_xCivil rights
_zMississippi
_zDelta (Region)
650 0 _aAfrican Americans
_zMississippi
_zDelta (Region)
_vInterviews.
650 0 _aRural poor
_zMississippi
_zDelta (Region)
650 0 _aAfrican American farmers
_zMississippi
_zDelta (Region)
650 0 _aSocial change
_zMississippi
_zDelta (Region)
651 0 _aDelta (Miss. : Region)
_xRural conditions.
651 0 _aDelta (Miss. : Region)
_xRace relations.
651 0 _aDelta (Miss. : Region)
_vBiography.
655 7 _aElectronic books.
_2local
710 2 _aebrary, Inc.
856 4 0 _uhttp://site.ebrary.com/lib/rucke/Doc?id=10150445
_zAn electronic book accessible through the World Wide Web; click to view
999 _c94622
_d94622